[Event "Najdorf Memorial B"]
[Site "Warsaw POL"]
[Date "2021.07.12"]
[Round "3.2"]
[White "Panczuk, Grzegorz"]
[Black "Lachcik, Marek"]
[Result "1-0"]
[WhiteElo "1721"]
[BlackElo "1481"]
[EventDate "2021.07.10"]
[PlyCount "115"]
[LiveChessVersion "1.4.8"]

1.d4 {[%clk 1:28:08]} 1...d5 {[%clk 1:30:58]} 2.Bf4 {[%clk 1:28:32]} 2...c5 
{[%clk 1:31:12]} 3.e3 {[%clk 1:28:21]} 3...Nc6 {[%clk 1:31:36]} 4.c3 {[%clk
1:27:29]} 4...Nf6 {[%clk 1:31:49]} 5.Nd2 {[%clk 1:21:12]} 5...Bf5 {[%clk
1:32:06]} 6.Qb3 {[%clk 1:14:48]} 6...Qc8 {[%clk 1:32:16]} 7.Ngf3 {[%clk
1:13:19]} 7...c4 {[%clk 1:25:59]} 8.Qd1 {[%clk 1:06:40]} 8...h6 {[%clk 1:25:10]} 
9.Ne5 {[%clk 1:04:49]} 9...e6 {[%clk 1:20:39]} 10.a3 {[%clk 0:57:14]} 10...b5 
{[%clk 1:15:53]} 11.b3 {[%clk 0:50:23]} 11...Nxe5 {[%clk 1:04:40]} 12.Bxe5 
{[%clk 0:46:47]} 12...Be7 {[%clk 0:56:46]} 13.bxc4 {[%clk 0:38:40]} 13...bxc4 
{[%clk 0:56:24]} 14.Be2 {[%clk 0:32:15]} 14...O-O {[%clk 0:54:49]} 15.O-O 
{[%clk 0:32:27]} 15...Qc6 {[%clk 0:43:30]} 16.f3 {[%clk 0:27:22]} 16...Bh7 
{[%clk 0:30:43]} 17.Re1 {[%clk 0:24:54]} 17...Nd7 {[%clk 0:29:07]} 18.Bg3 
{[%clk 0:24:32]} 18...Bd6 {[%clk 0:29:13]} 19.Bxd6 {[%clk 0:19:42]} 19...Qxd6 
{[%clk 0:29:41]} 20.e4 {[%clk 0:19:38]} 20...Qf4 {[%clk 0:18:37]} 21.Bf1 {[%clk
0:16:41]} 21...Rab8 {[%clk 0:15:48]} 22.g3 {[%clk 0:15:53]} 22...Qd6 {[%clk
0:14:00]} 23.Bg2 {[%clk 0:14:26]} 23...Rb2 {[%clk 0:13:07]} 24.Re2 {[%clk
0:12:48]} 24...Rfb8 {[%clk 0:11:13]} 25.Qc1 {[%clk 0:11:56]} 25...Qc6 {[%clk
0:09:51]} 26.Qe1 {[%clk 0:07:14]} 26...Nb6 {[%clk 0:05:08]} 27.Rb1 {[%clk
0:04:07]} 27...Na4 {[%clk 0:04:06]} 28.Rxb2 {[%clk 0:04:20]} 28...Rxb2 {[%clk
0:03:33]} 29.exd5 {[%clk 0:04:33]} 29...Qxd5 {[%clk 0:03:46]} 30.Re5 {[%clk
0:04:21]} 30...Qc6 {[%clk 0:03:11]} 31.f4 {[%clk 0:04:37]} 31...Qc7 {[%clk
0:02:42]} 32.Be4 {[%clk 0:03:07]} 32...Nxc3 {[%clk 0:02:04]} 33.Bxh7+ {[%clk
0:03:15]} 33...Kxh7 {[%clk 0:02:31]} 34.Qc1 {[%clk 0:02:32]} 34...Na4 {[%clk
0:01:58]} 35.Qxc4 {[%clk 0:02:20]} 35...Qxc4 {[%clk 0:01:02]} 36.Nxc4 {[%clk
0:02:44]} 36...Rc2 {[%clk 0:01:09]} 37.Nd6 {[%clk 0:02:41]} 37...Rc7 {[%clk
0:00:35]} 38.Ra5 {[%clk 0:02:53]} 38...Nc3 {[%clk 0:00:40]} 39.Rc5 {[%clk
0:01:46]} 39...Rxc5 {[%clk 0:00:32]} 40.dxc5 {[%clk 0:02:10]} 40...Kg6 {[%clk
0:00:42]} 41.c6 {[%clk 0:01:51]} 41...Nd5 {[%clk 0:00:56]} 42.Nb5 {[%clk
0:02:15]} 42...a6 {[%clk 0:00:42]} 43.c7 {[%clk 0:02:38]} 43...Nb6 {[%clk
0:00:45]} 44.Nd6 {[%clk 0:03:01]} 44...Kf6 {[%clk 0:00:37]} 45.c8=Q {[%clk
0:03:04]} 45...Nxc8 {[%clk 0:01:04]} 46.Nxc8 {[%clk 0:03:25]} 46...e5 {[%clk
0:01:21]} 47.fxe5+ {[%clk 0:02:53]} 47...Kxe5 {[%clk 0:01:48]} 48.Kf2 {[%clk
0:03:14]} 48...f5 {[%clk 0:01:59]} 49.Ke3 {[%clk 0:03:25]} 49...g5 {[%clk
0:02:21]} 50.Ne7 {[%clk 0:03:31]} 50...h5 {[%clk 0:01:59]} 51.Nc6+ {[%clk
0:03:31]} 51...Kd6 {[%clk 0:02:11]} 52.Nd4 {[%clk 0:02:58]} 52...Ke5 {[%clk
0:02:17]} 53.Nf3+ {[%clk 0:03:19]} 53...Kf6 {[%clk 0:02:42]} 54.Kd4 {[%clk
0:02:14]} 54...g4 {[%clk 0:02:24]} 55.Nh4 {[%clk 0:02:02]} 55...Kg5 {[%clk
0:02:49]} 56.Ng2 {[%clk 0:02:13]} 56...h4 {[%clk 0:02:16]} 57.gxh4+ {[%clk
0:02:09]} 57...Kh5 {[%clk 0:02:42]} 58.Ke5 {[%clk 0:02:32]} 1-0

[Event "Najdorf Memorial B"]
[Site "Warsaw POL"]
[Date "2021.07.12"]
[Round "3.3"]
[White "Janik, Marcin"]
[Black "Kowalski, Witold"]
[Result "1/2-1/2"]
[WhiteElo "1705"]
[BlackElo "1453"]
[EventDate "2021.07.10"]
[PlyCount "43"]
[LiveChessVersion "1.4.8"]

1.d4 {[%clk 1:30:57]} 1...Nf6 {[%clk 1:30:53]} 2.Nf3 {[%clk 1:31:23]} 2...e6 
{[%clk 1:31:05]} 3.c4 {[%clk 1:30:26]} 3...b6 {[%clk 1:31:27]} 4.g3 {[%clk
1:30:44]} 4...Bb7 {[%clk 1:31:27]} 5.Bg2 {[%clk 1:31:08]} 5...Bb4+ {[%clk
1:28:47]} 6.Bd2 {[%clk 1:28:04]} 6...Bxd2+ {[%clk 1:28:08]} 7.Qxd2 {[%clk
1:24:12]} 7...O-O {[%clk 1:22:21]} 8.O-O {[%clk 1:24:19]} 8...Qe7 {[%clk
1:17:52]} 9.a3 {[%clk 1:18:28]} 9...d6 {[%clk 1:14:55]} 10.Nc3 {[%clk 1:18:34]} 
10...Nbd7 {[%clk 1:14:22]} 11.b4 {[%clk 1:09:03]} 11...c5 {[%clk 0:59:03]} 
12.dxc5 {[%clk 0:58:56]} 12...dxc5 {[%clk 0:58:41]} 13.b5 {[%clk 0:57:06]} 
13...Rad8 {[%clk 0:55:28]} 14.Qc2 {[%clk 0:54:56]} 14...Bxf3 {[%clk 0:49:21]} 
15.exf3 {[%clk 0:52:08]} 15...Ne5 {[%clk 0:43:04]} 16.Qe2 {[%clk 0:35:35]} 
16...Ng6 {[%clk 0:41:22]} 17.Rfd1 h6 {[%clk 0:38:01]} 18.Rxd8 {[%clk 0:33:57]} 
18...Rxd8 {[%clk 0:38:22]} 19.Rd1 {[%clk 0:33:06]} 19...Rxd1+ {[%clk 0:34:22]} 
20.Qxd1 {[%clk 0:30:33]} 20...Ne5 {[%clk 0:33:13]} 21.Bf1 {[%clk 0:28:01]} 
21...Qd7 {[%clk 0:32:00]} 22.f4 {[%clk 0:21:07]} 1/2-1/2

[Event "Najdorf Memorial B"]
[Site "Warsaw POL"]
[Date "2021.07.12"]
[Round "3.4"]
[White "Kaluza, Maksymilian"]
[Black "Rutkowski, Piotr"]
[Result "1-0"]
[WhiteElo "1446"]
[BlackElo "1688"]
[EventDate "2021.07.10"]
[PlyCount "79"]
[LiveChessVersion "1.4.8"]

1.e4 {[%clk 1:30:57]} 1...c5 {[%clk 1:30:32]} 2.Nf3 {[%clk 1:31:19]} 2...d6 
{[%clk 1:30:53]} 3.d3 {[%clk 1:31:31]} 3...Nc6 {[%clk 1:30:37]} 4.g3 {[%clk
1:31:46]} 4...g6 {[%clk 1:30:58]} 5.Bg2 {[%clk 1:32:08]} 5...Bg7 {[%clk
1:31:17]} 6.O-O {[%clk 1:32:29]} 6...e5 {[%clk 1:26:11]} 7.Nc3 {[%clk 1:31:30]} 
7...Nge7 {[%clk 1:26:30]} 8.Nd2 {[%clk 1:31:06]} 8...O-O {[%clk 1:26:28]} 9.Nc4 
{[%clk 1:31:05]} 9...Be6 {[%clk 1:22:22]} 10.Nd5 {[%clk 1:30:38]} 10...Nb4 
{[%clk 1:19:17]} 11.Nxb4 {[%clk 1:13:30]} 11...cxb4 {[%clk 1:19:38]} 12.Bd2 
{[%clk 1:13:39]} 12...a5 {[%clk 0:55:39]} 13.a3 {[%clk 1:06:40]} 13...b5 {[%clk
0:56:04]} 14.Ne3 {[%clk 1:06:20]} 14...b3 {[%clk 0:43:16]} 15.cxb3 {[%clk
1:03:46]} 15...d5 {[%clk 0:43:18]} 16.b4 {[%clk 1:01:34]} 16...d4 {[%clk
0:43:06]} 17.Nd5 {[%clk 0:51:56]} 17...a4 {[%clk 0:43:20]} 18.Nxe7+ {[%clk
0:46:56]} 18...Qxe7 {[%clk 0:43:43]} 19.f4 {[%clk 0:46:37]} 19...exf4 {[%clk
0:40:10]} 20.Bxf4 {[%clk 0:43:03]} 20...Rac8 {[%clk 0:40:18]} 21.Qd2 {[%clk
0:42:31]} 21...f6 {[%clk 0:37:17]} 22.h4 {[%clk 0:39:36]} 22...Rfd8 {[%clk
0:36:31]} 23.Rac1 {[%clk 0:39:26]} 23...Qd7 {[%clk 0:36:37]} 24.Kh2 {[%clk
0:36:06]} 24...Re8 {[%clk 0:35:44]} 25.Rxc8 {[%clk 0:35:34]} 25...Rxc8 {[%clk
0:36:07]} 26.Rc1 {[%clk 0:35:51]} 26...Kf7 {[%clk 0:35:42]} 27.Bh6 {[%clk
0:34:06]} 27...Rc7 {[%clk 0:32:36]} 28.Bxg7 {[%clk 0:21:11]} 28...Kxg7 {[%clk
0:31:41]} 29.Rc5 {[%clk 0:21:13]} 29...Rxc5 {[%clk 0:26:53]} 30.bxc5 {[%clk
0:21:37]} 30...Qc7 {[%clk 0:27:18]} 31.Qb4 {[%clk 0:21:16]} 31...Qd7 {[%clk
0:26:48]} 32.e5 {[%clk 0:20:49]} 32...fxe5 {[%clk 0:27:08]} 33.c6 {[%clk
0:20:56]} 33...Qf7 {[%clk 0:27:18]} 34.Qxb5 {[%clk 0:20:48]} 34...Qf5 {[%clk
0:27:03]} 35.Qb7+ {[%clk 0:17:30]} 35...Kh6 {[%clk 0:27:20]} 36.Qe7 {[%clk
0:17:44]} 36...Bc8 {[%clk 0:25:01]} 37.c7 {[%clk 0:17:24]} 37...Be6 {[%clk
0:25:09]} 38.Qg5+ {[%clk 0:17:10]} 38...Qxg5 {[%clk 0:25:29]} 39.hxg5+ {[%clk
0:17:35]} 39...Kxg5 {[%clk 0:25:52]} 40.Bh3 {[%clk 0:17:54]} 1-0

[Event "Najdorf Memorial B"]
[Site "Warsaw POL"]
[Date "2021.07.12"]
[Round "3.5"]
[White "Dropia, Rafal"]
[Black "Jazdzyk, Jakub"]
[Result "0-1"]
[WhiteElo "1634"]
[BlackElo "1437"]
[EventDate "2021.07.10"]
[PlyCount "80"]
[LiveChessVersion "1.4.8"]

1.d4 {[%clk 1:30:59]} 1...Nf6 {[%clk 1:30:54]} 2.Bf4 {[%clk 1:31:26]} 2...d6 
{[%clk 1:30:44]} 3.Nf3 {[%clk 1:30:23]} 3...g6 {[%clk 1:30:05]} 4.Nc3 {[%clk
1:30:24]} 4...Bg7 {[%clk 1:29:57]} 5.e4 {[%clk 1:28:38]} 5...Bg4 {[%clk
1:25:42]} 6.h3 {[%clk 1:27:54]} 6...Bxf3 {[%clk 1:25:38]} 7.Qxf3 {[%clk
1:28:21]} 7...Nbd7 {[%clk 1:16:28]} 8.O-O-O {[%clk 1:18:44]} 8...c6 {[%clk
1:06:02]} 9.e5 {[%clk 1:08:41]} 9...Nh5 {[%clk 0:54:53]} 10.Bh2 {[%clk 1:04:01]} 
10...d5 {[%clk 0:46:44]} 11.Kb1 {[%clk 1:00:26]} 11...Bf8 {[%clk 0:41:54]} 
12.Bd3 {[%clk 0:53:50]} 12...e6 {[%clk 0:41:02]} 13.g4 {[%clk 0:49:45]} 
13...Ng7 {[%clk 0:41:24]} 14.Ne2 {[%clk 0:49:54]} 14...b5 {[%clk 0:37:50]} 
15.Qe3 {[%clk 0:45:34]} 15...Nb6 {[%clk 0:33:22]} 16.f4 {[%clk 0:37:33]} 
16...Nc4 {[%clk 0:31:08]} 17.Qc1 {[%clk 0:36:29]} 17...a5 {[%clk 0:23:38]} 
18.Bxc4 {[%clk 0:30:18]} 18...bxc4 {[%clk 0:21:39]} 19.c3 {[%clk 0:30:36]} 
19...a4 {[%clk 0:20:24]} 20.a3 {[%clk 0:28:00]} 20...Qb6 {[%clk 0:16:50]} 
21.Ka1 {[%clk 0:27:39]} 21...h5 {[%clk 0:15:29]} 22.Bg3 {[%clk 0:22:37]} 
22...Be7 {[%clk 0:13:28]} 23.Bf2 {[%clk 0:22:07]} 23...Kd7 {[%clk 0:13:12]} 
24.Qc2 {[%clk 0:21:14]} 24...Qb3 {[%clk 0:13:15]} 25.Qxb3 {[%clk 0:17:37]} 
25...axb3 {[%clk 0:13:39]} 26.Kb1 {[%clk 0:16:53]} 26...Bxa3 {[%clk 0:09:30]} 
27.bxa3 {[%clk 0:17:21]} 27...Rxa3 {[%clk 0:09:35]} 28.Nc1 {[%clk 0:17:49]} 
28...Rha8 {[%clk 0:08:45]} 29.Be3 {[%clk 0:15:46]} 29...Ra1+ {[%clk 0:08:41]} 
30.Kb2 {[%clk 0:16:14]} 30...Ke7 {[%clk 0:06:24]} 31.Rdf1 {[%clk 0:12:59]} 
31...Ne8 {[%clk 0:04:07]} 32.gxh5 {[%clk 0:11:43]} 32...Nc7 {[%clk 0:03:10]} 
33.Rhg1 {[%clk 0:08:55]} 33...Nb5 {[%clk 0:03:00]} 34.Bd2 {[%clk 0:05:13]} 
34...gxh5 {[%clk 0:01:17]} 35.h4 {[%clk 0:03:53]} 35...R8a4 {[%clk 0:01:39]} 
36.Rd1 {[%clk 0:01:56]} 36...Ra5 {[%clk 0:01:52]} 37.Rde1 {[%clk 0:01:49]} 
37...R5a4 {[%clk 0:02:17]} 38.Rd1 {[%clk 0:01:38]} 38...Ra5 {[%clk 0:02:07]} 
39.Rg5 R5a2+ 40.Nxa2 Rxd1 0-1

[Event "Najdorf Memorial B"]
[Site "Warsaw POL"]
[Date "2021.07.12"]
[Round "3.6"]
[White "Mrozinski, Mateusz"]
[Black "Jozwik, Michal"]
[Result "1-0"]
[WhiteElo "1623"]
[BlackElo "1435"]
[EventDate "2021.07.10"]
[PlyCount "71"]
[LiveChessVersion "1.4.8"]

1.e4 {[%clk 1:30:58]} 1...c5 {[%clk 1:30:43]} 2.Nc3 {[%clk 1:31:19]} 2...Nc6 
{[%clk 1:30:41]} 3.g3 {[%clk 1:31:11]} 3...g6 {[%clk 1:31:02]} 4.Bg2 {[%clk
1:31:33]} 4...Bg7 {[%clk 1:31:22]} 5.d3 {[%clk 1:31:56]} 5...d6 {[%clk 1:31:03]} 
6.Be3 {[%clk 1:32:13]} 6...Nf6 {[%clk 1:29:54]} 7.h3 {[%clk 1:31:52]} 7...O-O 
{[%clk 1:27:47]} 8.f4 {[%clk 1:29:35]} 8...Ne8 {[%clk 1:18:56]} 9.Nf3 {[%clk
1:26:44]} 9...Nc7 {[%clk 1:18:19]} 10.O-O {[%clk 1:19:52]} 10...f5 {[%clk
1:17:06]} 11.e5 {[%clk 1:13:32]} 11...dxe5 {[%clk 1:08:06]} 12.Bxc5 {[%clk
1:12:38]} 12...exf4 {[%clk 1:06:17]} 13.gxf4 {[%clk 1:12:17]} 13...Ne6 {[%clk
1:01:08]} 14.Be3 {[%clk 1:09:19]} 14...Ned4 {[%clk 0:56:44]} 15.Nxd4 {[%clk
1:06:31]} 15...Nxd4 {[%clk 0:56:45]} 16.Qd2 {[%clk 1:05:19]} 16...e5 {[%clk
0:51:41]} 17.Na4 {[%clk 1:01:53]} 17...Be6 {[%clk 0:48:13]} 18.c3 {[%clk
0:58:13]} 18...Qa5 {[%clk 0:43:16]} 19.cxd4 {[%clk 0:56:14]} 19...Qxa4 {[%clk
0:43:03]} 20.dxe5 {[%clk 0:55:49]} 20...Rac8 {[%clk 0:41:12]} 21.b3 {[%clk
0:53:05]} 21...Qd7 {[%clk 0:40:05]} 22.Bxa7 {[%clk 0:48:15]} 22...Rfd8 {[%clk
0:37:45]} 23.d4 {[%clk 0:46:22]} 23...Bf8 {[%clk 0:38:12]} 24.Bb6 {[%clk
0:43:18]} 24...Re8 {[%clk 0:38:11]} 25.d5 {[%clk 0:40:38]} 25...Qb5 {[%clk
0:37:52]} 26.Qd4 {[%clk 0:38:01]} 26...Red8 {[%clk 0:37:17]} 27.d6 {[%clk
0:37:06]} 27...Rd7 {[%clk 0:35:46]} 28.Rfc1 {[%clk 0:34:55]} 28...Rc6 {[%clk
0:33:49]} 29.Bxc6 {[%clk 0:32:51]} 29...bxc6 {[%clk 0:33:54]} 30.Qc5 {[%clk
0:31:19]} 30...Qd3 {[%clk 0:32:16]} 31.Qe3 {[%clk 0:28:36]} 31...Qb5 {[%clk
0:31:24]} 32.a4 {[%clk 0:27:32]} 32...Qb4 {[%clk 0:30:23]} 33.Rxc6 {[%clk
0:23:57]} 33...Bh6 {[%clk 0:30:11]} 34.Bd4 {[%clk 0:22:28]} 34...Bd5 {[%clk
0:26:45]} 35.Rc8+ {[%clk 0:20:47]} 35...Bf8 {[%clk 0:26:56]} 36.e6 {[%clk
0:19:52]} 1-0

[Event "Najdorf Memorial B"]
[Site "Warsaw POL"]
[Date "2021.07.12"]
[Round "3.7"]
[White "Malowidzki, Maciej"]
[Black "Arciszewska, Zuzanna"]
[Result "1-0"]
[WhiteElo "1415"]
[BlackElo "1604"]
[EventDate "2021.07.10"]
[PlyCount "69"]
[LiveChessVersion "1.4.8"]

1.c4 {[%clk 1:30:59]} 1...Nf6 {[%clk 1:30:50]} 2.Nc3 {[%clk 1:31:27]} 2...d5 
{[%clk 1:29:19]} 3.cxd5 {[%clk 1:31:55]} 3...Nxd5 {[%clk 1:29:37]} 4.g3 {[%clk
1:32:24]} 4...e6 {[%clk 1:26:53]} 5.Bg2 {[%clk 1:32:11]} 5...Be7 {[%clk
1:26:14]} 6.Qb3 {[%clk 1:30:02]} 6...c6 {[%clk 1:26:14]} 7.d4 {[%clk 1:28:29]} 
7...Nd7 {[%clk 1:24:40]} 8.Nf3 {[%clk 1:25:54]} 8...N7f6 {[%clk 1:24:32]} 9.O-O 
{[%clk 1:24:40]} 9...O-O {[%clk 1:24:43]} 10.Ne5 {[%clk 1:24:51]} 10...Qb6 
{[%clk 1:22:14]} 11.Qc4 {[%clk 1:21:43]} 11...Rd8 {[%clk 1:21:57]} 12.Rd1 
{[%clk 1:13:38]} 12...Bd7 {[%clk 1:20:04]} 13.e4 {[%clk 1:13:09]} 13...Nb4 
{[%clk 1:18:03]} 14.a3 {[%clk 1:12:27]} 14...Na6 {[%clk 1:17:24]} 15.b4 {[%clk
1:11:15]} 15...Rac8 {[%clk 1:16:37]} 16.Be3 {[%clk 1:10:23]} 16...Qc7 {[%clk
1:15:52]} 17.Rac1 {[%clk 1:08:20]} 17...Bd6 {[%clk 1:14:26]} 18.Nd3 {[%clk
0:59:42]} 18...e5 {[%clk 1:12:09]} 19.dxe5 {[%clk 0:59:03]} 19...Bxe5 {[%clk
1:12:16]} 20.Nxe5 {[%clk 0:58:32]} 20...Qxe5 {[%clk 1:12:31]} 21.Qd3 {[%clk
0:51:14]} 21...Qe7 {[%clk 1:11:30]} 22.Qd6 {[%clk 0:50:13]} 22...Qxd6 {[%clk
1:10:11]} 23.Rxd6 {[%clk 0:50:40]} 23...b6 {[%clk 1:02:38]} 24.Rcd1 {[%clk
0:50:18]} 24...Nb8 {[%clk 1:01:55]} 25.Bg5 {[%clk 0:43:35]} 25...Ne8 {[%clk
0:58:28]} 26.R6d3 {[%clk 0:42:21]} 26...f6 {[%clk 0:58:35]} 27.Bf4 {[%clk
0:42:36]} 27...Nc7 {[%clk 0:57:41]} 28.Bh3 {[%clk 0:41:37]} 28...g5 {[%clk
0:57:58]} 29.Bxc7 {[%clk 0:38:13]} 29...Rxc7 {[%clk 0:58:25]} 30.b5 {[%clk
0:38:21]} 30...Kf7 {[%clk 0:52:38]} 31.bxc6 {[%clk 0:38:10]} 31...Bxh3 {[%clk
0:52:50]} 32.Rxd8 {[%clk 0:38:31]} 32...Nxc6 {[%clk 0:53:16]} 33.Nd5 {[%clk
0:35:53]} 33...Rb7 {[%clk 0:52:46]} 34.Rd6 {[%clk 0:35:54]} 34...Be6 {[%clk
0:52:07]} 35.Rxc6 {[%clk 0:36:01]} 1-0

[Event "Najdorf Memorial B"]
[Site "Warsaw POL"]
[Date "2021.07.12"]
[Round "3.8"]
[White "Olszewski, Antoni"]
[Black "Kaczmarek, Tomasz"]
[Result "1-0"]
[WhiteElo "1410"]
[BlackElo "1586"]
[EventDate "2021.07.10"]
[PlyCount "87"]
[LiveChessVersion "1.4.8"]

1.e4 {[%clk 1:30:58]} 1...c5 {[%clk 1:30:59]} 2.Nf3 {[%clk 1:31:22]} 2...Nc6 
{[%clk 1:31:27]} 3.d4 {[%clk 1:31:35]} 3...cxd4 {[%clk 1:31:54]} 4.Nxd4 {[%clk
1:31:59]} 4...Nf6 {[%clk 1:32:19]} 5.Nc3 {[%clk 1:32:14]} 5...e5 {[%clk
1:32:47]} 6.Ndb5 {[%clk 1:31:50]} 6...d6 {[%clk 1:33:00]} 7.Bg5 {[%clk 1:31:54]} 
7...a6 {[%clk 1:33:20]} 8.Na3 {[%clk 1:32:16]} 8...b5 {[%clk 1:33:44]} 9.Nd5 
{[%clk 1:31:39]} 9...Be7 {[%clk 1:33:53]} 10.Bxf6 {[%clk 1:30:30]} 10...Bxf6 
{[%clk 1:34:20]} 11.c3 {[%clk 1:29:21]} 11...Bg5 {[%clk 1:32:56]} 12.Be2 {[%clk
1:27:32]} 12...O-O {[%clk 1:27:18]} 13.O-O {[%clk 1:26:29]} 13...Ne7 {[%clk
1:18:37]} 14.Nxe7+ {[%clk 1:23:01]} 14...Qxe7 {[%clk 1:16:46]} 15.Nc2 {[%clk
1:22:21]} 15...Bb7 {[%clk 1:06:54]} 16.Qd3 {[%clk 1:19:39]} 16...d5 {[%clk
0:58:07]} 17.exd5 {[%clk 1:01:13]} 17...e4 {[%clk 0:58:22]} 18.Qg3 {[%clk
1:00:33]} 18...Rfd8 {[%clk 0:46:29]} 19.Rad1 {[%clk 0:58:20]} 19...Bxd5 {[%clk
0:42:14]} 20.Nd4 {[%clk 0:56:29]} 20...g6 {[%clk 0:40:10]} 21.h4 {[%clk
0:52:38]} 21...Bf6 {[%clk 0:31:35]} 22.Rfe1 {[%clk 0:43:11]} 22...Kh8 {[%clk
0:29:35]} 23.h5 {[%clk 0:41:33]} 23...Be5 {[%clk 0:23:45]} 24.Qh3 {[%clk
0:39:01]} 24...Kg8 {[%clk 0:18:26]} 25.hxg6 {[%clk 0:35:39]} 25...hxg6 {[%clk
0:18:51]} 26.Qg4 {[%clk 0:35:25]} 26...Qd7 {[%clk 0:13:46]} 27.Qg5 {[%clk
0:32:18]} 27...Bg7 {[%clk 0:13:54]} 28.Bg4 {[%clk 0:30:57]} 28...Qb7 {[%clk
0:13:35]} 29.Re3 {[%clk 0:29:21]} 29...Bxa2 {[%clk 0:12:53]} 30.Rg3 {[%clk
0:24:48]} 30...Bxd4 {[%clk 0:10:28]} 31.Rxd4 {[%clk 0:24:14]} 31...Rxd4 {[%clk
0:10:54]} 32.cxd4 {[%clk 0:24:38]} 32...a5 {[%clk 0:08:35]} 33.Rh3 {[%clk
0:24:33]} 33...Qc6 {[%clk 0:06:58]} 34.Qh6 {[%clk 0:24:22]} 34...Qf6 {[%clk
0:07:15]} 35.Qh7+ {[%clk 0:24:35]} 35...Kf8 {[%clk 0:07:41]} 36.Qh8+ {[%clk
0:24:52]} 36...Ke7 {[%clk 0:08:01]} 37.Qxa8 {[%clk 0:24:57]} 37...Qxd4 {[%clk
0:08:26]} 38.Qb7+ {[%clk 0:25:04]} 38...Kf6 {[%clk 0:08:47]} 39.Qc6+ {[%clk
0:25:11]} 39...Kg5 {[%clk 0:08:45]} 40.Qxb5+ {[%clk 0:24:36]} 40...f5 {[%clk
0:08:24]} 41.Be2 {[%clk 0:23:45]} 41...a4 {[%clk 0:08:16]} 42.Qc6 {[%clk
0:23:04]} 42...f4 {[%clk 0:06:37]} 43.Qe8 {[%clk 0:21:07]} 43...Kf6 {[%clk
0:02:12]} 44.Qh8+ {[%clk 0:21:29]} 1-0

[Event "Najdorf Memorial B"]
[Site "Warsaw POL"]
[Date "2021.07.12"]
[Round "3.9"]
[White "Bartnik, Michal"]
[Black "Rzenca, Jerzy"]
[Result "1/2-1/2"]
[WhiteElo "1407"]
[BlackElo "1569"]
[EventDate "2021.07.10"]
[PlyCount "79"]
[LiveChessVersion "1.4.8"]

1.e4 {[%clk 1:30:58]} 1...c6 {[%clk 1:30:55]} 2.d4 {[%clk 1:31:24]} 2...d5 
{[%clk 1:31:19]} 3.exd5 {[%clk 1:31:42]} 3...cxd5 {[%clk 1:31:40]} 4.c4 {[%clk
1:31:58]} 4...Nf6 {[%clk 1:32:04]} 5.Nc3 {[%clk 1:32:22]} 5...e6 {[%clk
1:32:30]} 6.cxd5 {[%clk 1:32:33]} 6...Nxd5 {[%clk 1:32:53]} 7.Nf3 {[%clk
1:32:46]} 7...Be7 {[%clk 1:32:47]} 8.Bd3 {[%clk 1:33:06]} 8...Nf6 {[%clk
1:32:51]} 9.O-O {[%clk 1:33:26]} 9...Nc6 {[%clk 1:33:04]} 10.Bb1 {[%clk
1:32:15]} 10...O-O {[%clk 1:33:23]} 11.h3 {[%clk 1:32:35]} 11...b6 {[%clk
1:29:33]} 12.Be3 {[%clk 1:30:30]} 12...Ba6 {[%clk 1:23:30]} 13.Bd3 {[%clk
1:28:16]} 13...Bxd3 {[%clk 1:22:21]} 14.Qxd3 {[%clk 1:28:44]} 14...Nb4 {[%clk
1:22:39]} 15.Qe2 {[%clk 1:27:17]} 15...Nbd5 {[%clk 1:23:02]} 16.Rac1 {[%clk
1:25:23]} 16...Rc8 {[%clk 1:19:00]} 17.Nxd5 {[%clk 1:22:29]} 17...Nxd5 {[%clk
1:19:21]} 18.Ne5 {[%clk 1:20:53]} 18...Qd6 {[%clk 1:17:38]} 19.Qa6 {[%clk
1:15:54]} 19...Nxe3 {[%clk 1:08:04]} 20.fxe3 {[%clk 1:15:20]} 20...Rxc1 {[%clk
0:57:49]} 21.Rxc1 {[%clk 1:15:47]} 21...Bg5 {[%clk 0:58:05]} 22.Rc3 {[%clk
1:10:46]} 22...Qb4 {[%clk 0:26:34]} 23.Nc4 {[%clk 1:01:39]} 23...b5 {[%clk
0:23:37]} 24.a3 {[%clk 1:01:36]} 24...Qa4 {[%clk 0:15:38]} 25.Qxa4 {[%clk
1:01:42]} 25...bxa4 {[%clk 0:16:07]} 26.Kf2 {[%clk 1:00:30]} 26...Rb8 {[%clk
0:16:32]} 27.Ke2 {[%clk 1:00:00]} 27...Kf8 {[%clk 0:14:06]} 28.Kd3 {[%clk
1:00:02]} 28...Ke7 {[%clk 0:13:52]} 29.e4 {[%clk 0:59:50]} 29...Bf6 {[%clk
0:11:58]} 30.e5 {[%clk 0:58:28]} 30...Bh4 {[%clk 0:11:56]} 31.Ke4 {[%clk
0:50:04]} 31...f6 {[%clk 0:10:14]} 32.Rc2 {[%clk 0:49:25]} 32...Rb3 {[%clk
0:09:10]} 33.Nd6 {[%clk 0:49:06]} 33...f5+ {[%clk 0:09:05]} 34.Nxf5+ {[%clk
0:47:46]} 34...exf5+ {[%clk 0:09:31]} 35.Kxf5 {[%clk 0:48:15]} 35...Rb7 {[%clk
0:05:27]} 36.d5 {[%clk 0:48:26]} 36...g6+ {[%clk 0:04:55]} 37.Ke4 {[%clk
0:48:02]} 37...Kd7 {[%clk 0:03:06]} 38.Rc4 {[%clk 0:46:40]} 38...Rxb2 {[%clk
0:02:39]} 39.Rxa4 {[%clk 0:47:08]} 39...Rb7 {[%clk 0:01:48]} 40.Ra6 {[%clk
0:46:05]} 1/2-1/2